Telegrafický sadzobník
| Médium: | Kniha |
|---|---|
| Jazyk: | neznámy jazyk |
| Fyzický popis: | 91 s. |
| Vydavateľské údaje: |
Bratislava
Oblastné riaditeľstvo československej pošty
1950
|
MARC
| LEADER | 00000nam a2200000 a 4500 | ||
|---|---|---|---|
| 001 | vtls001360054 | ||
| 003 | SK-MaSNL | ||
| 005 | 20260224065015.0 | ||
| 008 | 990413s1950 xx 0 und | ||
| 035 | |a SNK000313601 | ||
| 040 | |a SNK |b slo |c SNK |e AACR2 | ||
| 245 | 1 | |a Telegrafický sadzobník | |
| 260 | |a Bratislava |b Oblastné riaditeľstvo československej pošty |c 1950 | ||
| 300 | |a 91 s. | ||
| 999 | |c 893149 |d 895079 | ||
| 952 | |t P60, <03>, [BOOK], {603} |a SNK |b SNK |y PREZ |7 0 |p 17A0188627 |o snkSC 47644 |0 0 |1 0 |4 0 |d 1999-04-13 |l 0 |r 2025-10-29 00:00:00 |w 2026-02-24 | ||


